Forest patches in tropical landscapes / (Registro nro. 545)

Detalles MARC
000 -CABECERA
Campo de control 00978cam a2200265 i 4500
005 - FECHA Y HORA DE LA ULTIMA TRANSACCION
Campo de control 20160210204748.0
008 - ELEMENTOS DE LONGITUD FIJA—INFORMACION GENERAL
Campo de control 960104s1996 dcuab b 001 0 eng
020 ## - ISBN
ISBN 1559634251 (cloth : acidfree paper)
020 ## - ISBN
ISBN 155963426X (paper : acidfree paper)
040 ## - FUENTE DE CATALOGACIÓN
Agencia catalogadora original DLC
Agencia transcriptora DLC
Agencia Modificadora DLC
-- CO-BoIAVH
041 ## - IDIOMA
Código de idioma para texto/pista de sonido o título separado Inglés
043 ## - GEOGRAPHIC AREA CODE
Geographic area code w------
082 04 - NUMERO DE CLASIFICACION DECIMAL DEWEY
Número de clasificación 333.7516
Número del ítem F71f
245 00 - MENCION DE TITULO
Título Forest patches in tropical landscapes /
Mención de responsabilidad edited by John Schelhas and Russell Greenberg.
260 ## - PUBLICACION, DISTRIBUCION, ETC. (PIE DE IMPRENTA)
Lugar de publicación, distribución, etc. Washington, D.C. :
Nombre del editor, distribuidor, etc. Island Press,
Fecha de publicación, distribución, etc. c1996.
300 ## - DESCRIPCION FISICA
Extensión xxxvi, 426 páginas :
Otros detalles físicos ilustraciones y mapas ;
Dimensiones 24 cm.
504 ## - NOTA DE BIBLIOGRAFIA, ETC.
Nota de bibliografía Incluye referencias bibliográficas e índice.
650 14 - ASIENTO SECUNDARIO DE MATERIA - TERMINO TEMATICO
Término temático o nombre geográfico como elemento de entrada Conservación de bosques
9 (RLIN) 58858
650 24 - ASIENTO SECUNDARIO DE MATERIA - TERMINO TEMATICO
Término temático o nombre geográfico como elemento de entrada Ecología forestal
9 (RLIN) 58859
650 24 - ASIENTO SECUNDARIO DE MATERIA - TERMINO TEMATICO
Término temático o nombre geográfico como elemento de entrada Administración de bosques forestales
9 (RLIN) 58860
650 24 - ASIENTO SECUNDARIO DE MATERIA - TERMINO TEMATICO
Término temático o nombre geográfico como elemento de entrada Bosques
Subdivisión general Aspectos ambientales
9 (RLIN) 58861
700 1# - ASIENTO SECUNDARIO - NOMBRE PERSONAL
Nombre personal Schelhas, John,
Término de relación editor.
9 (RLIN) 8154
700 1# - ASIENTO SECUNDARIO - NOMBRE PERSONAL
Nombre personal Greenberg, Russell,
Término de relación editor.
9 (RLIN) 8156
942 ## - ELEMENTOS ADICIONALES (KOHA)
Sistema de clasificación Dewey Decimal Classification
Tipo de ítem Libro
Existencias
Withdrawn status Lost status Sistema de Clasificación Damaged status No para préstamo Colección Inventariado Ubicación Permanente Ubicación actual Fecha de adquisición Fuente de Valor Valor Total Checkouts Número topográfico Inventario / Código de Barras Date last seen Ejemplar Price effective from Forma de adquisición Tipo de material
    Dewey Decimal Classification     General Inventariado 2017 Bogotá Bogotá 01/09/1998 Instituto 39000.00   LB-333.7516 F71f 001407 04/12/2012 Ej. 1 04/12/2012   Libro
    Dewey Decimal Classification     General Inventariado 2017 Sala Fabio Quevedo Sala Fabio Quevedo 11/02/2002 Instituto 39000.00   LB-333.7516 F71f 000777 04/12/2012 Ej. 2 04/12/2012 Donación Libro